000 00682nam a2200265Ia 4500
005 20250425161814.0
008 250425s9999 xx 000 0 und d
020 _a8449301017
041 _aspa
043 _asp
082 _a302
100 _aCOVEY, STEPHEN R.
245 0 _aPRIMERO, LO PRIMERO: VIVIR, AMAR, APRENDER, DEJAR UN LEGADO
250 _a1A ED.
260 _aBARCELONA
260 _aEspaña
_bPAIDOS
_c1995
300 _a481
500 _aTítulo Traducido: FIRST THINGS FIRST
650 _aINTERACCION SOCIAL
650 _aSOCIEDAD
700 _aALEJANDRA BOLANCA& ADOLFO NEGROTTO
_etraductor
710 _aPAIDOS
942 _c01
010 _a30417
999 _c216486
_d216486